Michel de Cervantes (Record no. 2884)

MARC details
000 -CABECERA
campo de control de longitud fija 01843nam a2200325 a 4500
001 - NÚMERO DE CONTROL
campo de control BRCA_3148
005 - FECHA Y HORA DE LA ÚLTIMA TRANSACCIÓN
campo de control 20190320204132.0
008 - DATOS DE LONGITUD FIJA--INFORMACIÓN GENERAL
campo de control de longitud fija 100209s1877----fr-a---###---#000-0#fre-u
041 ## - CÓDIGO DE LENGUA
Código de lengua del texto/banda sonora o título independiente fre
044 ## - CÓDIGO DEL PAÍS DE LA ENTIDAD EDITORA/PRODUCTORA
Código MARC del país fr
084 ## - OTRO NÚMERO DE CLASIFICACIÓN
Número de clasificación 451
Número de documento/Ítem .H48
-- 1877
100 1# - ENTRADA PRINCIPAL--NOMBRE DE PERSONA
Nombre de persona Cervantes Saavedra, Miguel de
Fechas asociadas al nombre 1547-1616
9 (RLIN) 213
245 10 - MENCIÓN DE TÍTULO
Título Michel de Cervantes
Resto del título Don Quichotte de la Manche
Mención de responsabilidad, etc. Miche de Cervantes.
260 ## - PUBLICACIÓN, DISTRIBUCIÓN, ETC.
Lugar de publicación, distribución, etc. París
Nombre del editor, distribuidor, etc. J. Hetzel
Fecha de publicación, distribución, etc. 1877
300 ## - DESCRIPCIÓN FÍSICA
Extensión viii, 543 p.
Otras características físicas il.
Dimensiones 28 cm.
500 ## - NOTA GENERAL
Nota general Contenido : Primera parte. Prefacio del traductor. Texto. Segunda parte. Texto
500 ## - NOTA GENERAL
Nota general Edición : Edition spéciale a l´usage de la jeunesse par Lucien Biart. Illustrée de 316 dessins par Tony Johannot. Cette édition, sepéciale á la jeunesse, est tirée de la traduction complète de Don Quichotte par M. Lucien Biart, traduction qui paraítra en février 1878 précedée d´une Notice inédite très-importante sur la vie et l´oevre de Cervantes, ecrite spécialement pour la traduction de M. Biart par Prosper Mérimèe
500 ## - NOTA GENERAL
Nota general Traducción de L. Biart, abreviada y arreglada para la juventud por el propio traductor, con el fin, como dice en el prefacio, de que las inteligencias jóvenes se familiaricen con la obra de Cervantes. Edición adornada con los dibujos de Johannot y perfectamente impresa Lúdovik Osterc
500 ## - NOTA GENERAL
Nota general QM379
546 ## - NOTA DE LENGUA/LENGUAJE
Nota de lengua/lenguaje Texto en : francés
650 14 - PUNTO DE ACCESO ADICIONAL DE MATERIA--TÉRMINO DE MATERIA
Término de materia o nombre geográfico como elemento de entrada Novela española
Subdivisión cronológica Época clásica, 1500-1700
9 (RLIN) 215
650 14 - PUNTO DE ACCESO ADICIONAL DE MATERIA--TÉRMINO DE MATERIA
Término de materia o nombre geográfico como elemento de entrada Literatura española
Subdivisión cronológica Época clásica, 1500-1700
9 (RLIN) 216
650 14 - PUNTO DE ACCESO ADICIONAL DE MATERIA--TÉRMINO DE MATERIA
Término de materia o nombre geográfico como elemento de entrada Novela española
Subdivisión cronológica Siglo XVII
9 (RLIN) 217
650 14 - PUNTO DE ACCESO ADICIONAL DE MATERIA--TÉRMINO DE MATERIA
Término de materia o nombre geográfico como elemento de entrada Don Quijote (Personaje ficticio)
Término indicativo de función/relación Novela
9 (RLIN) 218
700 1# - PUNTO DE ACCESO ADICIONAL--NOMBRE DE PERSONA
Nombre de persona Biart, Lucien
Fechas asociadas al nombre 1829-1897
Término indicativo de función/relación Traductor
9 (RLIN) 8509
700 1# - PUNTO DE ACCESO ADICIONAL--NOMBRE DE PERSONA
Nombre de persona Johannot, Tony
Fechas asociadas al nombre 1803-1852
Término indicativo de función/relación Ilustrador
9 (RLIN) 8510
740 0# - PUNTO DE ACCESO ADICIONAL--TÍTULO RELACIONADO O ANALÍTICO NO CONTROLADO
Título relacionado o analítico no controlado El Ingenioso Hidalgo Don Quijote de la Mancha
902 ## - CATALOGADOR
Iniciales QFM
942 ## - ELEMENTOS DE PUNTO DE ACCESO ADICIONAL (KOHA)
Fuente del sistema de clasificación o colocación Library of Congress Classification
Tipo de ítem Koha Libros
Holdings
Estado de retiro Estado de pérdida Estado dañado No para préstamo Localización permanente Ubicación/localización actual Fecha de adquisición Número de inventario Total de préstamos Signatura topográfica completa Código de barras Fecha visto por última vez Precio válido a partir de Tipo de ítem Koha
El ejemplar forma parte de la colección y puede ser consultado según las políticas vigentes.       Biblioteca del Museo Franz Mayer (Rogerio Casas-Alatriste) Biblioteca del Museo Franz Mayer (Rogerio Casas-Alatriste) 10/02/2009 QM379   451 .H48 1877 (QM379) 3145 22/03/2019 22/03/2019 Libros